Club de football par animal sur leur logo - Statistiques

Statistiques générales
  • Ce quiz a été pris 748 fois
  • Le résultat moyen est 10 sur 15
Statistiques - réponses
Par images Réponse % Correct
Liverpool FC
99%
AS Rome
96%
Brighton and Hove Albion
84%
Eintracht Francfort
84%
LOSC Lille
81%
FC Copenhague
79%
1. FC Cologne
76%
Leicester City
67%
Olympique Lyonnais
65%
Valence CF
58%
SL Benfica
56%
FC Lorient
50%
Torino FC
40%
Aston Villa
38%
Atlético Madrid
37%
Aucun quiz correspondant
Distribution des résultats
% des personnes avec chaque résultat
Percentile par nombre de réponses
Votre historique - résultats
Vous n’avez pas pris ce quiz